Fildrong : la chute des Légendes salées 🧂 - Statistiques

Statistiques générales
  • Ce quiz a été pris 180 fois
  • Le résultat moyen est 7 sur 13
Statistiques - réponses
Par images Hint Réponse % Correct
Sol-Roche | Roc-Boulet Rhinastoc
99%
Insecte-Feu | Vent Argenté Pyrax
91%
Acier-Psy | Séisme Métalosse
81%
Dragon-Glace | Éclat magique Kyurem Blanc
78%
Eau-Sol | Voile Miroir Laggron
68%
Insecte-Électrik | Rayon Signal Mygavolt
65%
Ténèbres-Dragon | Exploforce Trioxhydre
63%
Psy | Psyko Mewtwo
53%
Feu | Ultralaser Typhlosion
42%
Roche-Vol | Effort Arkéapti
41%
Normal | Ultralaser Porygon-Z
26%
Normal | Explosion Coudlangue
22%
Normal | Prlvt Destin Écremeuh
12%
Aucun quiz correspondant
Distribution des résultats
% des personnes avec chaque résultat
Percentile par nombre de réponses
Votre historique - résultats
Vous n’avez pas pris ce quiz